| 000 | 00639nam a2200193Ia 4500 | ||
|---|---|---|---|
| 003 | GCL | ||
| 008 | 140319s9999 xx 000 0 ara d | ||
| 040 |
_aGCL / _cGCL |
||
| 082 | 0 | 4 |
_aد _b050 _bد هـ |
| 245 | 1 | 0 | _aالهلال فبراير 1997 : ثلاثى النغم الذهبى |
| 260 |
_aالقاهرة : _bدار الهلال للطباعة والنشر ، _c1997 |
||
| 650 | 0 | 4 | _aالشعر |
| 650 | 0 | 4 | _aالقصة القصيرة |
| 650 | 0 | 4 | _aام كلثوم |
| 650 | 0 | 4 | _aالوطنية فى الادب |
| 650 | 0 | 4 | _aالحضارة - تاريخ |
| 650 | 0 | 4 | _aروسيا - العلاقات الخارجية |
| 942 |
_2ddc _cCR |
||
| 999 |
_c6744 _d6744 |
||